| 000 | 00917nam a2200241Ia 4500 | ||
|---|---|---|---|
| 003 | OSt | ||
| 005 | 20201112102736.0 | ||
| 008 | 191128s1981 ck gr 000 0 spa d | ||
| 040 |
_cCO-JMCR _aCO-JMCR |
||
| 041 | 0 | _aspa | |
| 082 | 0 | 4 |
_a320.9861 / _bT931i _223 |
| 110 |
_aColombia. _bPresidente (1978-1982 : Turbay Ayala) _910281 |
||
| 245 | 1 | 0 |
_aItinerario de un gobierno democrático / _cJulio César Turbay Ayala |
| 260 |
_a[Bogotá] : _bPresidencia de la República, _c[1981?] |
||
| 300 |
_a2 volúmenes ; _c23 cm. |
||
| 505 | 2 |
_gv.5 _tFebrero a julio de 1981 _gv.6 _tAgosto de 1981 a enero de 1982 |
|
| 650 |
_a _912326 |
||
| 651 | 4 |
_aColombia _xadministración pública _y1978-1982 _912327 |
|
| 651 | 4 |
_aColombia _xPolítica y gobierno _y1978-1982 _912328 |
|
| 651 | 4 |
_aColombia _xcondiciones económicas _y1978-1982 _912329 |
|
| 651 | 4 |
_aColombia _xcondiciones sociales _y1978-1982 _912330 |
|
| 942 |
_2ddc _cBK |
||
| 999 |
_c4807 _d4807 |
||